000 00401nam a2200145Ia 4500
008 230917s9999||||xx |||||||||||||| ||und||
040 _e5010655
_aMAIN
041 _aEnglish
082 _a658.3 M471O
100 _aMeenu
245 0 _aOrganizational climate and job satisfaction among academic: A study of selected state universities in Haryana
260 _c2019
300 _a271 p.
942 _cBK
999 _c10170
_d10170